Centro Cívico Nacional y anillo de renovación urbana

Đã lưu trong:
Chi tiết về thư mục
Tác giả của công ty: Centro Cívico Nacional
Định dạng: Texto
Được phát hành: San José: Refinadora Costarricense de Petróleo
Những chủ đề:
Các nhãn: Thêm thẻ
Không có thẻ, Là người đầu tiên thẻ bản ghi này!

MARC

LEADER 00000 a a2200000 04500
001 12358
003
040
090 |a 1003 C397c  
110 |a Centro Cívico Nacional  
245 |a Centro Cívico Nacional y anillo de renovación urbana  
260 |a San José:   |b Refinadora Costarricense de Petróleo  
300 |a 26 p  
650 |a RENOVACION URBANA  
650 |a INSTITUTO NACIONAL DE VIVIENDA Y URBANISMO, CR  
650 |a URBANISMO  
650 |a MINISTERIO DE OBRAS PUBLICAS Y TRANSPORTES, CR  
650 |a BID  
650 |a INSTITUTO MIXTO DE AYUDA SOCIAL, CR  
650 |a INSTITUTO NACIONAL DE FOMENTO Y ASESORIA MUNICIPAL, CR  
650 |a PODER LEGISLATIVO  
650 |a VIVIENDA  
650 |a SE  
999 |c 1447  |d 1447